| 000 | 00507nam a2200193Ia 4500 | ||
|---|---|---|---|
| 005 | 20240823045838.0 | ||
| 008 | 240823s9999||||xx |||||||||||||| ||und|| | ||
| 020 | _a978-81-203-3249-2 | ||
| 041 | _aENGLISH | ||
| 082 | _A004.682 p7 | ||
| 100 | _aBen Curry | ||
| 245 | 0 | _aMicrosoft Share Point Products and Technologies Administrators Pocket Consultant | |
| 250 | _a1st | ||
| 260 |
_c2007 _b#VALUE! |
||
| 500 | _aYES | ||
| 650 |
_aMicrosoft Office _bComputer Science |
||
| 942 | _cBK | ||
| 999 |
_c215895 _d215895 |
||